000 01648nam a2200457 i 4500
999 _c23733
_d23733
001 zpk20152708399
005 20250212120739.0
007 ta
008 150716t20132013xo ac e 001 0cslo
020 _a9788055608181
_q(brožováno)
040 _aABA001
_bcze
_erda
_csk
041 1 _aslo
_heng
072 7 _a78.07
_xHudebníci, skladatelé a jiná hudební povolání
_2Konspekt
072 7 _a929
_xBiografie
_2Konspekt
080 _a78.071.1/.2
_2MRF
080 _a929
_2MRF
080 _a785.16.071
_2MRF
080 _a78.036.011.26
_2MRF
080 _a(048.8)
_2MRF
080 _a(0:82-94)
_2MRF
100 1 _aPrimi, Michele
_4aut
_94339
240 1 0 _aTragedies and mysteries of Rock'n'roll.
_lSlovensky
245 1 0 _aKliatba rokenrolu :
_bživot a smrť hudobných legiend /
_cMichele Primi ; z anglického originálu Tragedies and mysteries of Rock'n'roll ... preložila Andrea Cséfalvay Kopernická
250 _aPrvé slovenské vydanie
264 1 _aBratislava :
_bSlovart,
_c[2013]
264 4 _c©2013
300 _a271 stran :
_bilustrace, portréty ;
_c23 cm
336 _atext
_btxt
_2rdacontent
336 _astatický obraz
_bsti
_2rdacontent
337 _abez média
_bn
_2rdamedia
338 _asvazek
_bnc
_2rdacarrier
500 _aObsahuje rejstřík
650 0 7 _arockoví hudebníci
_2czenas
_94340
650 0 7 _arockoví hudebníci
_xúmrtí
_2czenas
_94341
650 0 7 _ahudební skupiny
_2czenas
_94342
650 0 7 _arock'n'roll
_2czenas
_94343
650 0 7 _arock
_2czenas
_94344
655 7 _apřehledy
_2czenas
_93199
655 7 _amedailony
_2czenas
_94345
700 1 _aCséfalvay Kopernická, Andrea
_4trl
_94346